Capitals of Romanian Counties - Statistics

General Stats
  • This quiz has been taken 341 times
  • The average score is 32 of 41
Answer Stats
County Capital % Correct
Brașov Brașov
97%
Arad Arad
96%
Cluj Cluj-Napoca
96%
Constanța Constanța
96%
Bacău Bacău
95%
Alba Alba Iulia
94%
Brăila Brăila
94%
Buzău Buzău
94%
Botoșani Botoșani
93%
Iași Iași
91%
Galați Galați
90%
Timiș Timișoara
89%
Bistrița-Năsăud Bistrița
88%
Suceava Suceava
88%
Călărași Călărași
87%
Sibiu Sibiu
87%
Giurgiu Giurgiu
85%
Satu Mare Satu Mare
85%
Tulcea Tulcea
85%
Vaslui Vaslui
83%
Bihor Oradea
82%
Mehedinți Drobeta-Turnu Severin
81%
Dolj Craiova
80%
Argeș Pitești
80%
Neamț Piatra Neamț
79%
Mureș Târgu Mureș
77%
Prahova Ploiești
71%
Maramureș Baia Mare
68%
Hunedoara Deva
66%
Teleorman Alexandria
63%
Sălaj Zalău
63%
Gorj Târgu Jiu
62%
Vâlcea Râmnicu Vâlcea
61%
Ialomița Slobozia
59%
Dâmbovița Târgoviște
59%
Vrancea Focșani
57%
Olt Slatina
57%
Caraș-Severin Reșița
56%
Covasna Sfântu Gheorghe
56%
Harghita Miercurea Ciuc
54%
Ilfov Buftea
35%
No matching quizzes found
Score Distribution
Percent of People with Each Score
Percentile by Number Answered
Your Score History
You have not taken this quiz